Identify the Bond Film from the Picture #007 Bond - Statistics

General Stats
  • This quiz has been taken 49 times
  • The average score is 12 of 16
Answer Stats
Picture Answer % Correct
Spectre
93%
Casino Royale
90%
Moonraker
88%
Goldeneye
85%
No Time To Die
83%
Quantum of Solace
83%
Dr. No
76%
On Her Majesty’s Secret Service
76%
Licence To Kill
66%
The Living Daylights
66%
Diamonds Are Forever
63%
The Spy Who Loved Me
63%
Tomorrow Never Dies
61%
Octopussy
59%
The Man With The Golden Gun
56%
You Only Live Twice
46%
No matching quizzes found
Score Distribution
Percent of People with Each Score
Percentile by Number Answered
Your Score History
You have not taken this quiz